Saving animal babies / (Record no. 9317)

MARC details
000 -LEADER
fixed length control field 01065nam a22002657a 4500
001 - CONTROL NUMBER
control field 9317
003 - CONTROL NUMBER IDENTIFIER
control field FISKH
005 - DATE AND TIME OF LATEST TRANSACTION
control field 20251210113841.0
008 - FIXED-LENGTH DATA ELEMENTS--GENERAL INFORMATION
fixed length control field 251210b cb ||||| |||| 00| 0 eng d
020 ## - INTERNATIONAL STANDARD BOOK NUMBER
International Standard Book Number 9780545582919
040 ## - CATALOGING SOURCE
Original cataloging agency FISKH
Language of cataloging eng
Transcribing agency FISKH
Modifying agency FISKH
050 ## - LIBRARY OF CONGRESS CALL NUMBER
Classification number QL83 .S545
082 ## - DEWEY DECIMAL CLASSIFICATION NUMBER
Classification number 591.3
100 ## - MAIN ENTRY--PERSONAL NAME
Personal name Shields, Amy
245 ## - TITLE STATEMENT
Title Saving animal babies /
Statement of responsibility, etc. Amy Shields
260 ## - PUBLICATION, DISTRIBUTION, ETC.
Place of publication, distribution, etc. New York :
Name of publisher, distributor, etc. Scholastic,
Date of publication, distribution, etc. 2013.
300 ## - PHYSICAL DESCRIPTION
Extent 32 pages :
Other physical details color illustrations ;
Dimensions 23 cm
505 ## - FORMATTED CONTENTS NOTE
Formatted contents note L<br/>
520 ## - SUMMARY, ETC.
Summary, etc. These heartwarming stories of animal babies, rescued and nursed back to health by humans, will pull at the heart strings and make kids realize there's a survivor inside all of us. This reader is illustrated with adorable photographs that document these animals' recoveries. The carefully written text guarantees a successful and rewarding reading experience for level 1 readers"--
521 8# - TARGET AUDIENCE NOTE
Target audience note 520<br/>
Source Lexile <br/>
521 8# - TARGET AUDIENCE NOTE
Target audience note L<br/>
Source Raz-Plus<br/>
650 ## - SUBJECT ADDED ENTRY--TOPICAL TERM
Topical term or geographic name entry element National Geographic Kids
Form subdivision Non Fiction
942 ## - ADDED ENTRY ELEMENTS (KOHA)
Source of classification or shelving scheme Dewey Decimal Classification
Koha item type Books
Suppress in OPAC No
Holdings
Withdrawn status Lost status Source of classification or shelving scheme Damaged status Not for loan Collection Home library Current library Shelving location Date acquired Total Checkouts Full call number Barcode Date last seen Copy number Price effective from Koha item type
    Dewey Decimal Classification     Non-Fiction Footprints International School Library Network Toul Tom Poung Campus Footprints International School Library Network Toul Tom Poung Campus TTP Primary Yellow Bookshelves 12/10/2025   SHI 591.3 QL83 .S545 2025-5104 12/10/2025 1 12/10/2025 Books